Directors of Daniel Day-Lewis Movies - Statistics

General Stats
  • This quiz has been taken 50 times
  • The average score is 10 of 20
Answer Stats
Year Movie Director % Correct
2002 Gangs of New York Martin Scorsese
98%
1993 The Age of Innocence Martin Scorsese
98%
2012 Lincoln Steven Spielberg
98%
2017 Phantom Thread Paul Thomas Anderson
95%
2007 There Will Be Blood Paul Thomas Anderson
95%
1982 Gandhi Richard Attenborough
70%
1997 The Boxer Jim Sheridan
55%
1993 In the Name of the Father Jim Sheridan
55%
1989 My Left Foot Jim Sheridan
55%
1992 The Last of the Mohicans Michael Mann
55%
1985 A Room with a View James Ivory
41%
2009 Nine Rob Marshall
34%
2005 The Ballad of Jack and Rose Rebecca Miller
32%
1988 The Unbearable Lightness of Being Philip Kaufman
20%
1985 My Beautiful Laundrette Stephen Frears
20%
1996 The Crucible Nicholas Hytner
11%
1989 Eversmile, New Jersey Carlos Sorin
7%
1986 Nanou Conny Templeman
7%
1988 Stars and Bars Pat O'Connor
7%
1984 The Bounty Roger Donaldson
7%
No matching quizzes found
Score Distribution
Percent of People with Each Score
Percentile by Number Answered
Your Score History
You have not taken this quiz